00447 a2200181 4500260001500000100001900015260001400034245009600048300001700144650002500161650001100186650001300197260000900210300000600219130000800225250001400233020001800247 aBoca Raton aWEAST,C.Robert bCRC Press aCRC Handbook of chemistry and physics: a ready-reference book of chemical and physical data aPage mult.  aOUVRAGE DE REFERENCE aCHIMIE aPHYSIQUE c1984 b  lEn. a65e éd. a0-8493-0465-2